Central Library OPAC University of Rajshahi

Indians overseas in British territories, 1834-1854 / (Record no. 25072)

MARC details
000 -LEADER
fixed length control field 01031cam a2200301 a 4500
001 - CONTROL NUMBER
control field 25072
003 - CONTROL NUMBER IDENTIFIER
rucl marc code BD-RjUL
005 - DATE AND TIME OF LATEST TRANSACTION
control field 20211209050827.0
008 - FIXED-LENGTH DATA ELEMENTS--GENERAL INFORMATION
fixed length control field 140316s1953 enk 001 0 eng d
035 ## - SYSTEM CONTROL NUMBER
System control number (BD-RjUL)25141
040 ## - CATALOGING SOURCE
Original cataloging agency DLC
Transcribing agency DZM
Modifying agency m.c
-- BD-RjUL
Language of cataloging eng
041 ## - LANGUAGE CODE
Language code of text/sound track or separate title eng
082 ## - DEWEY DECIMAL CLASSIFICATION NUMBER
Classification number 325.254
Author mark and year CUI 1953
100 1# - MAIN ENTRY--PERSONAL NAME
Personal name Cumpston, I. M.
9 (RLIN) 77121
245 10 - TITLE STATEMENT
Title Indians overseas in British territories, 1834-1854 /
Statement of responsibility, etc. by I. M. Cumpston.
260 ## - PUBLICATION, DISTRIBUTION, ETC. (IMPRINT)
Place of publication, distribution, etc. Oxford University Press :
Name of publisher, distributor, etc. London,
Date of publication, distribution, etc. 1953.
300 ## - PHYSICAL DESCRIPTION
Pagination x, 198 p. ;
Size 23 cm.
490 1# - SERIES STATEMENT
Series statement Oxford historical series. British series
504 ## - BIBLIOGRAPHY, ETC. NOTE
Bibliography, etc Includes bibliography and index.
650 #0 - SUBJECT ADDED ENTRY--TOPICAL TERM
Topical term or geographic name as entry element East Indians
Geographic subdivision Foreign countries.
9 (RLIN) 77122
Topical term or geographic name as entry element Foreign workers, East Indian
General subdivision History
Chronological subdivision 19th century.
9 (RLIN) 77124
Topical term or geographic name as entry element Agricultural laborers, Foreign
General subdivision History
Chronological subdivision 19th century.
9 (RLIN) 77125
651 #0 - SUBJECT ADDED ENTRY--GEOGRAPHIC NAME
Geographic name India
General subdivision Emigration and immigration.
9 (RLIN) 77126
830 #0 - SERIES ADDED ENTRY--UNIFORM TITLE
Uniform title Oxford historical series.
942 ## - ADDED ENTRY ELEMENTS (KOHA)
Source of classification or shelving scheme Dewey Decimal Classification
Koha item type Books
Holdings
Lost status Source of classification or shelving scheme Damaged status Not for loan Collection code Permanent Location Current Location Shelving location Date acquired Source of acquisition Cost, normal purchase price Total Checkouts Full call number Date last seen Copy number Koha item type
  Dewey Decimal Classification   Added to bundle Non-fiction Central Library, University of Rajshahi Central Library, University of Rajshahi Reading Room 09/08/1955 O.U.P. 10.00   325.254 CUI 1953 16/03/2014 C-1 Books